|
|
|
|
| LEADER |
02318nam a2200289 a 4500 |
| 001 |
0017480 |
| 003 |
BD-DhAAL |
| 008 |
091003s1997 caua b 001 0 eng d |
| 010 |
|
|
|a \\\96025310
|
| 020 |
|
|
|a 0803952651 (pbk. : acid-free paper)
|
| 020 |
|
|
|a 0803952643 (cloth : acid-free paper)
|
| 040 |
|
|
|a DLC
|c DLC
|d DLC
|d BD-DhAAL
|
| 082 |
0 |
0 |
|a 361.61072
|2 20
|
| 100 |
1 |
|
|a Patton, Michael Quinn.
|9 58481
|
| 245 |
1 |
0 |
|a Utilization-focused evaluation :
|b the new century text /
|c Michael Quinn Patton.
|
| 250 |
|
|
|a Third edition.
|
| 260 |
|
|
|a Thousand Oaks ;
|a London ;
|a New Delhi :
|b Sage Publications,
|c c1997.
|
| 300 |
|
|
|a xvi, 431 p. :
|b ill. ;
|c 27 cm
|
| 504 |
|
|
|a Includes bibliographical references (p. 387-413) and index.
|
| 505 |
0 |
|
|a Toward more useful evaluations. Evaluation use : both challenge and mandate -- What is utilization-focused evaluation? How do you get started? -- Fostering intended use by intended users : the personal factor -- Intended uses of findings -- Intended process uses : impacts of evaluation, thinking and experiences -- Focusing evaluations : choices, options and decisions. Being active-reactive-adaptive : evaluator roles, situational responsiveness, and strategic, contingency thinking -- Beyond the goals. Clarification game : focusing on outcomes -- Focusing an evaluation : alternatives to goals-based evaluation -- Implementation evaluation. What happened in the program? -- The program's theory of action : conceptualizing casual linkages -- Appropriate methods. Evaluations worth using : utilization-focused, methods decisions -- The paradigms debate and a utilitarian synthesis -- The meanings of evaluation data : analysis, interpretation, judgment, and reporting -- Realities and practicalities of utilization-focused evaluation. Power, politics, and ethics -- Utilization-focused evaluation : process and premises.
|
| 526 |
|
|
|a JPGSPH
|
| 541 |
1 |
|
|e 00017480
|a D. S. Books International
|
| 650 |
|
0 |
|a Evaluation research (Social action programs)
|z United States.
|9 58482
|
| 852 |
4 |
|
|a Ayesha Abed Library
|c General Stacks
|
| 942 |
|
|
|2 ddc
|c BK
|
| 999 |
|
|
|c 4187
|d 4187
|
| 952 |
|
|
|0 0
|1 0
|2 ddc
|4 0
|6 361_610720000000000_PAT_1996
|7 0
|9 3850
|a BRACUL
|b BRACUL
|c GEN
|d 2009-10-03
|e D. S. Books International
|l 1
|m 9
|o 361.61072 PAT
|p 3010017480
|r 2015-08-12
|s 2015-06-10
|t 1
|w 2009-10-03
|y BK
|x USD 77.95
|